Central Library OPAC University of Rajshahi

বিহারীলালের গ্রন্থাবলী / (Record no. 54624)

MARC details
000 -LEADER
fixed length control field 00978nam a2200241 a 4500
001 - CONTROL NUMBER
control field 54624
003 - CONTROL NUMBER IDENTIFIER
rucl marc code BD-RjUL
005 - DATE AND TIME OF LATEST TRANSACTION
control field 20211209080139.0
008 - FIXED-LENGTH DATA ELEMENTS--GENERAL INFORMATION
fixed length control field 161108s1954 ii ||||| |||| 00| 0 ben d
020 ## - INTERNATIONAL STANDARD BOOK NUMBER
Terms of availability : Tk. 3.00
035 ## - SYSTEM CONTROL NUMBER
System control number (BD-RjUL)54746
040 ## - CATALOGING SOURCE
Original cataloging agency BD-RjUL
Language of cataloging ben
Transcribing agency BD-RjUL
041 ## - LANGUAGE CODE
Language code of text/sound track or separate title ben
082 ## - DEWEY DECIMAL CLASSIFICATION NUMBER
Edition number 23
Classification number 891.4408
Author mark and year CHB 1954
100 ## - MAIN ENTRY--PERSONAL NAME
Personal name চক্রবর্ত্তী, বিহারীলাল
9 (RLIN) 162924
245 10 - TITLE STATEMENT
Title বিহারীলালের গ্রন্থাবলী /
Statement of responsibility, etc. বিহারীলাল চক্রবর্ত্তী
260 ## - PUBLICATION, DISTRIBUTION, ETC. (IMPRINT)
Place of publication, distribution, etc. কলিকাতা :
Name of publisher, distributor, etc. বসুমতি সাহিত্য মন্দির,
Date of publication, distribution, etc. ১৯৫৪ [১৩৬১]
300 ## - PHYSICAL DESCRIPTION
Pagination ২১৮ পৃ. ;
Size ২৪ সেমি.
490 ## - SERIES STATEMENT
Series statement গ্রন্থাবলী সিরিজ
650 ## - SUBJECT ADDED ENTRY--TOPICAL TERM
Topical term or geographic name as entry element বাংলা সাহিত্য
General subdivision সংগ্রহ
9 (RLIN) 122902
Topical term or geographic name as entry element Bengali Literature
General subdivision Collection
9 (RLIN) 122903
942 ## - ADDED ENTRY ELEMENTS (KOHA)
Source of classification or shelving scheme Dewey Decimal Classification
Koha item type Books
Holdings
Lost status Source of classification or shelving scheme Damaged status Not for loan Collection code Permanent Location Current Location Shelving location Date acquired Cost, normal purchase price Total Checkouts Full call number Date last seen Date checked out Copy number Koha item type Source of acquisition
  Dewey Decimal Classification     Non-fiction Central Library, University of Rajshahi Central Library, University of Rajshahi   10/10/1959 3.76 1 B 891.4408 CHB 1954 15/12/2025 11/12/2025 C-2 Books  
  Dewey Decimal Classification   Not For Loan Non-fiction Central Library, University of Rajshahi Central Library, University of Rajshahi Reading Room 09/07/1960 3.76   B 891.4408 CHB 1954 17/12/2016   C-1 Books Warsi book centre, Dhaka
  Dewey Decimal Classification     Non-fiction Central Library, University of Rajshahi Central Library, University of Rajshahi   01/12/1991     B 891.4408 CHB 1954 14/02/2017   C-3 Books R.U.L.
  Dewey Decimal Classification     Non-fiction Central Library, University of Rajshahi Central Library, University of Rajshahi General Stacks 03/02/1958 3.00   B 891.4408 CHB 1954 14/11/2022   C-4 Books kamal book dept.